• 首页
  • 本馆介绍
  • 公告通知
  • 最新文献
  • 馆藏检索
  • 电子资源
  • 读者导购
  • 参考咨询
  • 我的图书馆
  • 登录
  • 详细信息显示
  • 放入我的书架
  • 预约/预借图书
  • 作者相关作品
  • 分类相关作品
  • 丛书相关作品
  • 出版社相关作品

书目信息

  • 表格格式
  • 工作单格式
  • 卡片格式
题名:
老子说
    
 
作者: 蔡志忠 绘
分册:  
出版信息: 北京   三联书店  1989
页数: 104页
开本: 19cm
丛书名: 蔡志忠漫画
单 册:
中图分类: J228.4
科图分类: 48.379
主题词: 漫画:连环画--中国--现代 , 连环画:漫画--中国--现代
电子资源:
ISBN: 7-108-00322-8
000 00684nam2 2200253 45
001 0196106880
005 20070730092430.62
010    @a7-108-00322-8@dCNY2.05
100    @a19960925e19901989em y0chiy0121 ea
101 0  @achi
102    @aCN@b110000
105    @aa t 000yy
200 10 @a老子说@Alao zi shuo@e智者的低语@f蔡志忠绘
210    @a北京@c三联书店@d1989@h1990重印
215    @a104页@d19cm
225 2  @a蔡志忠漫画
410  0 @120010@a蔡志忠漫画
606    @a漫画:连环画@y中国@z现代
606    @a连环画:漫画@y中国@z现代
690    @aJ228.4@v3
692    @a48.379@v2
701  0 @a蔡志忠@Acai zhi zhong@4绘
801  0 @aCN@bTSSF@c20070730
905    @a10447@dJ228.4@e219
    
    老子说:智者的低语/蔡志忠绘.-北京:三联书店,1989(1990重印)
    104页;19cm.-(蔡志忠漫画)
    
    
    ISBN 7-108-00322-8:CNY2.05
    
●
相关链接 在E读中查询图书 在五车中查询图书 在当当中查询图书 在豆瓣中查询图书


正题名:老子说     索取号:J228.4/219         预约/预借

序号 登录号 条形码 馆藏地/架位号 状态 备注
1 0784905   207849051   第一样本阅览室/ [索取号:J228.4/219] 在馆    
唐山师范学院图书馆 欢迎您!
大连网信软件有限公司© 版权所有